<?xml version="1.0" encoding="UTF-8"?>
<record
    xmlns:xsi="http://www.w3.org/2001/XMLSchema-instance"
    xsi:schemaLocation="http://www.loc.gov/MARC21/slim http://www.loc.gov/standards/marcxml/schema/MARC21slim.xsd"
    xmlns="http://www.loc.gov/MARC21/slim">

  <leader>00895nam a22002297a 4500</leader>
  <controlfield tag="008">240702b        mp ||||| |||| 00| 0 mon d</controlfield>
  <datafield tag="035" ind1=" " ind2=" ">
    <subfield code="a">25487</subfield>
  </datafield>
  <datafield tag="040" ind1=" " ind2=" ">
    <subfield code="a">SU1322070</subfield>
    <subfield code="b">mon</subfield>
    <subfield code="c">MN-UlNLM</subfield>
    <subfield code="d">MN-UlNLM</subfield>
    <subfield code="e">rda</subfield>
  </datafield>
  <datafield tag="041" ind1=" " ind2=" ">
    <subfield code="a">mon</subfield>
  </datafield>
  <datafield tag="042" ind1=" " ind2=" ">
    <subfield code="a">63302</subfield>
  </datafield>
  <datafield tag="084" ind1=" " ind2=" ">
    <subfield code="2">NNA</subfield>
    <subfield code="a">84(5&#x41C;&#x43E;&#x43D;)-44</subfield>
    <subfield code="b">&#x422;-594</subfield>
  </datafield>
  <datafield tag="100" ind1=" " ind2=" ">
    <subfield code="a">&#x422;&#x4E9;&#x440;&#x43C;&#x4E9;&#x43D;&#x445; &#x411;.</subfield>
  </datafield>
  <datafield tag="245" ind1=" " ind2="0">
    <subfield code="a">&#x414;.&#x41D;&#x430;&#x446;&#x430;&#x433;&#x434;&#x43E;&#x440;&#x436;</subfield>
  </datafield>
  <datafield tag="264" ind1=" " ind2=" ">
    <subfield code="a">&#x423;&#x411;.</subfield>
    <subfield code="b">&#x41C;&#x43E;&#x43D;&#x441;&#x443;&#x434;&#x430;&#x440; &#x445;&#x44D;&#x432;&#x43B;&#x44D;&#x43B;&#x438;&#x439;&#x43D; &#x433;&#x430;&#x437;&#x430;&#x440;</subfield>
    <subfield code="c">2022</subfield>
  </datafield>
  <datafield tag="300" ind1=" " ind2=" ">
    <subfield code="a">64&#x445;.</subfield>
  </datafield>
  <datafield tag="336" ind1=" " ind2=" ">
    <subfield code="2">rdacontent</subfield>
    <subfield code="a">text</subfield>
    <subfield code="b">txt</subfield>
  </datafield>
  <datafield tag="337" ind1=" " ind2=" ">
    <subfield code="2">rdamedia</subfield>
    <subfield code="a">unmediated</subfield>
    <subfield code="b">n</subfield>
  </datafield>
  <datafield tag="338" ind1=" " ind2=" ">
    <subfield code="2">rdacarrier</subfield>
    <subfield code="a">volume</subfield>
    <subfield code="b">nc</subfield>
  </datafield>
  <datafield tag="650" ind1=" " ind2=" ">
    <subfield code="a">&#x42D;&#x43D;&#x44D; &#x443;&#x434;&#x430;&#x430;&#x433;&#x438;&#x439;&#x43D; &#x442;&#x4AF;&#x4AF;&#x432;&#x44D;&#x440;&#x442; &#x443;&#x440;&#x44C;&#x434; &#x443;&#x434;&#x430;&#x430;&#x433;&#x438;&#x439;&#x43D; &#x442;&#x4AF;&#x4AF;&#x432;&#x440;&#x4AF;&#x4AF;&#x434;&#x44D;&#x44D;&#x441; &#x438;&#x43B;&#x4AF;&#x4AF; &#x43E;&#x43B;&#x43E;&#x43D; &#x437;&#x43E;&#x445;&#x438;&#x43E;&#x43B; &#x43E;&#x440;&#x441;&#x43E;&#x43D; &#x43D;&#x44C; &#x441;&#x430;&#x439;&#x448;&#x430;&#x430;&#x43B;&#x442;&#x430;&#x439;.&#x41D;&#x430;&#x446;&#x430;&#x433;&#x434;&#x43E;&#x440;&#x436;&#x438;&#x439;&#x43D; &#x431;&#x438;&#x447;&#x441;&#x44D;&#x43D; &#x442;&#x430;&#x439;&#x437;&#x430;&#x43D; &#x434;&#x44D;&#x44D;&#x440; &#x442;&#x430;&#x432;&#x438;&#x433;&#x434;&#x430;&#x430;&#x433;&#x4AF;&#x439;,...</subfield>
  </datafield>
  <datafield tag="942" ind1=" " ind2=" ">
    <subfield code="2">NNA</subfield>
    <subfield code="c">BK</subfield>
  </datafield>
  <datafield tag="952" ind1=" " ind2=" ">
    <subfield code="0">0</subfield>
    <subfield code="1">0</subfield>
    <subfield code="4">0</subfield>
    <subfield code="6">845&#x41C;&#x41E;&#x41D;44_&#x422;594</subfield>
    <subfield code="7">0</subfield>
    <subfield code="8">SU1324</subfield>
    <subfield code="a">SU1322070</subfield>
    <subfield code="b">SU1322070</subfield>
    <subfield code="c">SU1324</subfield>
    <subfield code="d">2024-07-05</subfield>
    <subfield code="g">22900.00</subfield>
    <subfield code="l">0</subfield>
    <subfield code="o">84(5&#x41C;&#x43E;&#x43D;)-44  &#x422;-594</subfield>
    <subfield code="p">SU13225487-4-1</subfield>
    <subfield code="r">2024-07-05</subfield>
    <subfield code="t">49916</subfield>
    <subfield code="y">BK</subfield>
  </datafield>
  <datafield tag="999" ind1=" " ind2=" ">
    <subfield code="c">1077506</subfield>
    <subfield code="d">1077563</subfield>
  </datafield>
</record>
